000 00663nam a2200253Ia 4500
003 OSt
005 20221007064522.0
006 a|||||r|||| 00| 0
007 ta
008 221006b |||||||| |||| 00| 0 eng d
024 _a6,665
037 _cTextual
040 _aFLL
_cFLL
_beng
041 _2eng
_aeng
082 _aZ2,2,3, K0;L2
100 _aBahl S.L. Au.
_9685919
245 0 _aDelhi rent conrtol act,1958
250 _a3rd
260 _aDelhi
_bFederal law agency India
_c1960
300 _a858p,xiv
_ccm.
650 _aRent control
_9685920
942 _hZ2,2,3, K0;L2
_cTEXL
_2CC
999 _c1134326
_d1134326